000 00847nam a22002297a 4500
999 _c64560
_d64560
005 20240530110738.0
008 180906s1992 ua g 000 0dara d
017 _a1991/8535
_bمصر. دار الكتب
020 _a977254007X
040 _aEG-CaGPL
_cEG-CaGPL
082 0 4 _221
_a212.3 /
_bع أ
100 0 _aعبدالمنصف اسماعيل
245 1 2 _aالمنهج الاسلامى فى الوقاية والعلاج من خطر المخدرات /
_cعبدالمنصف اسماعيل
250 _aط.1
260 _aالقاهرة :
_bمكتبة عالم الفكر،
_c1992.
650 0 7 _2qrmak
_aالمخدرات والشباب
650 0 7 _2qrmak
_aمكافحة المخدرات
651 _2qrmak
653 0 _aالمخدرات - المنهج الاسلامى
942 _2ddc
_cBK